| 000 | 00766nam a22002777 4500 | ||
|---|---|---|---|
| 001 | 0799421 | ||
| 003 | DO-SdBNP | ||
| 005 | 20180301133427.0 | ||
| 007 | 0799421 | ||
| 008 | 980226s1996 sp | ||| ||spa | ||
| 016 | 7 |
_a _2BPMSU |
|
| 017 |
_a _b |
||
| 020 | _a8434220091 | ||
| 035 | _a | ||
| 040 |
_aBPMSU _bspa _cBPMSU _e |
||
| 080 | _a | ||
| 100 | 1 |
_aComella, Àngels _d1957- |
|
| 245 | 1 | 0 |
_aMe gusta el azul / _cM. Àngels Comella ; director de producción Rafael Marfi |
| 260 |
_aBarcelona : _bParramón, _c1996 |
||
| 300 |
_a31 p. : _b il. ; _c31 cm |
||
| 500 | _aPara niños a partir de 4 años | ||
| 700 |
_aMarfi, Rafael _eed. |
||
| 942 |
_2ddc _cBK |
||
| 945 | _aInventariado, 2018/MFF | ||
| 956 |
_aVMATEO _210 _320160419 _6BPMSU _80069 |
||
| 999 |
_c9839 _d9839 |
||